00726nam a2200241Ia 4500003000400000005001700004008004100021020002200062040000700084041000800091082001500099100002600114245002700140260003900167300001400206365001300220650003100233650002300264906002800287942001200315999001900327952013800346OSt20230602111925.0210423s2012 xx 000 0 und d a978-81-8192-218-2 cAL aeng a158.1 RANA aRANI (Prabha)9118785 aArt of self confidence aJaipurbSublime Publicationsc2012 av,224bHB b895cINR aApplied Psychology9118786 aPsychology9118787 aArt ; confidence ; self 2ddccBK c176493d176493 001040708MSWaSACPGbSACPGd2016-09-01eSaraswathi Publisherg895.00l0o158.1 RANApPG023197r2022-08-24 00:00:00w2021-04-26yBK